| 000 | 00529nam a22001577a 4500 | ||
|---|---|---|---|
| 005 | 20231229162631.0 | ||
| 020 |
_a9789392594274 _c1450.00 |
||
| 037 | _aSunnvik Books | ||
| 082 | _a020 | ||
| 100 |
_aPhadke, Dattatray Narayan _960472 |
||
| 245 |
_aResearch Methodology & Information Literacy/ _cBy Dattatray Narayan Phadke |
||
| 260 |
_aNew Delhi _bEss Ess Publications _c2023 |
||
| 270 |
_a4831/24, Ansari Road, Daryaganj _bNew Delhi _e110002 |
||
| 300 |
_a299p. _c22cm(Hbk) |
||
| 942 |
_2ddc _cEN _h020 _mPHA |
||
| 999 |
_c199907 _d199907 |
||